000 00827nam a2200169 i 4500
001 184010
003 ES-MaACL
005 20250719062548.0
008 150217s1894 sp |||| | spa d
100 1 _aLastres y Juiz, Francisco,
_d1848-1918
_970504
245 1 0 _aAbastecimiento de aguas para la ciudad de Alicante
_b: contestación a la demanda del Señor Marqués de Benalúa que presenta al Tribunal de lo Contencioso-Administrativo don Enrique Caucurte y Julliat /
_credactada por Francisco Lastres y Juiz.
260 _aMadrid :
_b[s.n.],
_c1894 (
_fTip. de los Hijos de M.G. Hernández)
300 _a16 p. ;
_c23 cm.
650 4 _aAgua-
_xAbastecimiento-
_zAlicante.
_9156367
852 _aES-MaACL
_jT-802-F-7
_z- Enc. hol., conservando la enc. original
_z- Enc. en un vol. facticio
999 _c184010
_d184010